000 00785cam a2200241 a 4500
001 000005117
005 20200929151602.0
008 780530s1976 sp 000 0 spa
010 _a78364028
020 _a8400035631
040 _aDO-SdBNP
_cDLC
_dDLC
082 _a861.44
_bL869n
100 1 _aLorenzo de Blancas, Benedicto.
_914664
245 1 0 _aNorte de esperanza /
_cBenedicto Lorenzo de Blancas.
260 _aZaragoza :
_bInstitucion Fernando el Catolico,
_c1976.
300 _a55 p. ;
_c25 cm.
440 0 _aColección San Jorge ;
_v13
_914665
440 0 _aPublicación de la Institución Fernando el Católico ;
_vno. 630
_914666
500 _aPoemas.
650 4 _aPoesía española
_9631
650 4 _aLiteratura española
_9632
910 _aCatalogación por copia / LC
999 _c4920
_d4920